Coincidence - Sabrina Carpenter - Statistics

General Stats
  • This quiz has been taken 40 times
  • The average score is 134 of 171
Answer Stats
Answer % Correct
a
100%
you
100%
I
96%
to
96%
What
96%
what
96%
your
96%
car
93%
it
93%
just
93%
coincidence
89%
Coincidence
89%
died
89%
drove
89%
from
89%
her
89%
itself
89%
LA
89%
phone
89%
The
89%
the
89%
in
85%
She
85%
she
85%
surprise
85%
And
81%
and
81%
for
81%
like
81%
thighs
81%
chest
78%
girl
78%
got
78%
head
78%
knew
78%
looks
78%
my
78%
on
78%
outgrew
78%
put
78%
real
78%
said
78%
second
78%
sense
78%
she's
78%
all
74%
any
74%
but
74%
city
74%
damn
74%
Damn
74%
didn't
74%
have
74%
kinda
74%
Last
74%
lost
74%
mouth
74%
nice
74%
night
74%
same
74%
sixth
74%
space
74%
that
74%
week
74%
you're
74%
you've
74%
common
70%
holding
70%
least
70%
less
70%
past
70%
pictures
70%
present
70%
sending
70%
side?
70%
This
70%
up
70%
wearing
70%
who's
70%
at
67%
by
67%
doubts
67%
friends
67%
Now
67%
Palm
67%
some
67%
Springs
67%
tense
67%
that's
67%
then
67%
tongue
67%
back
63%
life
63%
mutual
63%
name
63%
of
63%
Oh
63%
again
59%
broke
59%
comes
59%
into
59%
once
59%
Trynna
59%
twice
59%
without
59%
being
56%
here
56%
Suckin
56%
turn
56%
even
48%
wow
44%
huh
33%
No matching quizzes found
Score Distribution
Percent of People with Each Score
Percentile by Number Answered
Your Score History
You have not taken this quiz